| 000 | 00470nam a2200145 4500 | ||
|---|---|---|---|
| 008 | 151001b xxu||||| |||| 00| 0 eng d | ||
| 020 | _a0618414584 | ||
| 050 | _aQA39.2 .L37 1941 | ||
| 100 |
_aLarson _d1941 |
||
| 245 |
_aohio standards and test preparation course math : _bMcDougal littell middle school/ _cLarson |
||
| 260 |
_aBoston : _bMcDougal littel, |
||
| 300 | _avii,114p. :ill. | ||
| 650 | _amathematics | ||
| 942 |
_2lcc _cBOOKS _hQA39.2 .L37 1941 |
||
| 999 |
_c6999 _d6999 |
||